| 000 | 00413nam a22001697a 4500 | ||
|---|---|---|---|
| 005 | 20180809151032.0 | ||
| 008 | 160625b xxu||||| |||| 00| 0 eng d | ||
| 020 | _a81-203-2111-1 | ||
| 041 | _aeng | ||
| 082 |
_b9917 _a658.3 |
||
| 100 |
_agomez-Mejia, Balkin and Cardy _94742 |
||
| 245 | _aManaging Human Resources | ||
| 260 |
_bPHI _c2003 _aDELHI |
||
| 300 | _a586P, | ||
| 650 |
_aManagement _9241 |
||
| 942 | _cBK | ||
| 999 |
_c3905 _d3904 |
||